00655nam a2200241 a 4500001001300000003000900013005001700022008004100039020001000080082001300090100002200103245001800125260004800143300000900191500003500200505001400235650001900249700002200268902000800290942000700298952009300305999001500398nice12345678IN_TiNIC20260116011426.0050524s1937 laha grs 000 0 49g  ac10000a224bTAJ aTaj, Fazl S Singh aYousuf Ghulam aLahorebPunjab Religious Booksociety c1937 a114p aincludes index and biblioraphy2 areference aBible-Prophets1 aTaj, Fazl S Singh bSRS cPS 00104070aHMIbHMId2007-06-19g100.00l0o224 TAJp4807r2007-06-19w2026-01-16yARB c1415d1415